1089 1658 1183 1752 1313 1619 1861 1892 1680 1775 1845 1039 1284 1146 1434 1714 1641 1528 1864 1243 1645 1785 1108 1617 1821 1359 1585 1277 1667 1342 1185 1625 1429 1651 1432 1469 1756 1583 1931 1652 1591 1416 1410 1044 1116 1178 1443 1128 1957 1163 1673 1467 1887 1292 1248 1567 1955 1014 1676 1441 1446 1093 1424 1760 1000 1770 1556 1101 1286 1258 1337 1374 1809 1656 1448 1277 1717 1783 1593 1521 1466 1267 1528 1465 1763 1349 1549 1391 1111 1843 1143 1454 1491 1000 1779 1677 1814 1268 1313 BCNSPRNW ULIB Ver.6.0+V

เปลี่ยนเป็นภาษาไทย

Change to English
 แสดงรายละเอียดบรรณานุกรม
  กลับหน้าหลัก

Brief Record : Get Marc (ISO 2709) : E-mail record : QR code < ปิดหน้าต่าง
LEADER : 00000nam 2200000uu 4500
001    13399121354
003     ULIB
008    121116s2549||||th 000 0 tha d
099    วจ.HM132^bม511ค
100 0  มาลี ภัตรสุพรรณาคาร และคนอื่นๆ
245 00 ความสัมพันธ์ระหว่างความยึดมั่นผู้พันต่อองค์กรกับความพึงพอใจในงานของอาจารย์วิทยาลัยพยาบาลเครือข่ายภาคเหนือตอนล่าง สังกัดสถาบันพระบรมราชชนก /^cมาลี ภัตรสุพรรณาคาร และคนอื่นๆ
260    นครสวรรค์:^bวิทยาลัยพยาบาลบรมราชชนนี สวรรค์ประชารักษ์ นครสวรรค์,^c2549
300    77 แผ่น
650  7 ความยึดมั่นผูกพัน^xวิจัย
650  7 ความพึงพอใจ^xวิจัย
945    ^p0^l0^i033106
945    ^p0^l0^i033105
995    เกษร
999    ^aใช้งานได้ทุกระบบ
รายการนี้ยังไม่มีแท็ก
คุณยังไม่ได้ล็อกอิน คุณสามารถมีกิจกรรมร่วมกับเว็บไซต์ได้ แต่ต้องล็อกอินก่อน ::
  ล็อกอิน

รายการสื่อสารสนเทศ

ลำดับที่ ประเภท เลขเรียก/บาร์โค้ด สถานที่ สถานะ
1. งานวิจัย
งานวิจัย
วจ.HM132 ม511ค ฉ.1 
  Barcode: 033106
ห้องสมุดวิทยาเขตสวรรค์ประชารักษ์
►วิจัย
บนชั้น
2. งานวิจัย
งานวิจัย
วจ.HM132 ม511ค ฉ.2 
  Barcode: 033105
ห้องสมุดวิทยาเขตสวรรค์ประชารักษ์
►วิจัย
บนชั้น

BibComment


ยังไม่เคยถูกคอมเมนท์

คอมเมนท์ทรัพยากรรายการนี้
  คอมเมนท์: ความสัมพันธ์ระหว่..


 Copyright 2026. Bcnsprnw @Library